Orientación profesional: un proceso a lo largo de la vida

Uloženo v:
Podrobná bibliografie
Hlavní autor: Sebastián Ramos, Araceli (Autor)
Médium: Kniha
Jazyk:španělština
Vydáno: Madrid Dykinson 2003
Témata:
Tagy: Přidat tag
Žádné tagy, Buďte první, kdo vytvoří štítek k tomuto záznamu!

MARC

LEADER 00000nam a2200000 a 4500
001 UCH9498
003 CL-VaPUC
008 100114e20030000SP |||||||||||||||||spa|d
020 |a 9788497720865 
082 0 4 |a 371.42  |b SEB  |2 21 
100 0 |a Sebastián Ramos, Araceli  |e author  |9 546680 
245 1 0 |a Orientación profesional: un proceso a lo largo de la vida 
300 |a 608 p 
942 |c BK 
945 |d 20100114 00:00:00  |a rbrito 
260 |a Madrid  |b Dykinson  |c 2003 
650 0 |a Orientación vocacional  |9 255692 
650 7 |a ORIENTACION EDUCACIONAL  |2 CL-VaPUC  |9 312512 
650 0 |a Tutores   |9 398352 
650 7 |a ORIENTADORES  |2 CL-VaPUC  |9 407371 
583 |a last modification  |c 20100114 00:00:00  |k Rodrigo Vera 
999 |c 339465  |d 339463 
952 |0 0  |1 0  |4 0  |6 371_420000000000000_SEB_2003  |7 0  |8 A  |9 433124  |a BIBEDU  |b BIBEDU  |d 2019-11-22  |i 4633768  |o 371.42 SEB 2003  |p 4633768  |r 2019-11-22  |w 2019-11-22  |y BK  |k EPE 
952 |0 0  |1 0  |4 0  |6 371_420000000000000_SEB_2003  |7 0  |8 A  |9 433125  |a BIBEDU  |b BIBEDU  |d 2019-11-22  |i 4633776  |o 371.42 SEB 2003  |p 4633776  |r 2019-11-22  |w 2019-11-22  |y BK  |k EPE